French Monuments - Statistics

General Stats
  • This quiz has been taken 90 times
  • The average score is 6 of 15
Answer Stats
Picture Answer % Correct
Notre Dame de Paris
88%
Mont Saint Michel
85%
Arc de Triomphe
83%
Tour Eiffel
82%
Sacré Coeur
69%
Chambord
55%
Château de Versailles
42%
Chenonceau
36%
Notre Dame de la Garde
29%
Palais des Papes
13%
Reims cathedral
13%
Notre Dame de Fourvière
9%
Strasbourg cathedral
8%
Millau Viaduct
6%
Capitole de Toulouse
5%
No matching quizzes found
Score Distribution
Percent of People with Each Score
Percentile by Number Answered
Your Score History
You have not taken this quiz